000 00236nam a2200097Ia 4500
005 20251222114351.0
008 251222s1900||||xx |||||||||||||| ||spa||
082 _aDVD0010/S31/1998
245 0 _aEnemigo público:Enemy of state
942 _cDVD
999 _c1263
_d1263